000 00344nam a2200121Ia 4500
008 231106s2022 xx 000 0 und d
041 _aeng
082 _a751.422
100 _aELEANOR LONGHURST
245 _a10 STEP WATERCOLOUR: BIRDS PAINT 25 EXQUISITELY DETAILED BIRDS INTO EASY STEPS
260 _bTHE BRIGHT PRESS
_c2022
300 _aP-128
999 _c920559
_d920559